[Event "Moravia-chT 9697"]
[Site "?"]
[Date "1997.??.??"]
[Round "?"]
[White "Kalod, Radek"]
[Black "Simacek, Pavel"]
[Result "0-1"]
[WhiteElo "2455"]
[BlackElo "2255"]

1.e4 g6 2.d4 Bg7 3.Nc3 c6 4.Nf3 d5 5.h3 a6 6.a4 Nh6 7.Bd3 f6 8.O-O Nf7 9.Ne2 e5
10.c4 f5 11.exf5 e4 12.fxg6 hxg6 13.Bc2 exf3 14.Nf4 O-O 15.Nxg6 Re8 16.Qxf3 dxc4
17.Qh5 Nd7 18.Ne5 Ndxe5 19.dxe5 Rxe5 20.Qh7+ Kf8 21.Ra3 Be6 22.Rg3 Ng5 23.Bxg5 Rxg5
24.Rf3+ Ke7 25.Re1 Qd5 26.h4 Rh8 27.hxg5 Rxh7 28.Bxh7 Kd6 29.Rfe3 Bd7 30.Bc2 Bxb2
31.g6 Bg4 32.Re8 Bf6 33.g7 Bxg7 34.Rd8+ Bd7 35.Rd1 Bd4 36.Bf5 Qxf5 37.Rxd4+ Kc5
38.R8xd7 c3 39.Rd1 c2 40.Rc1 Qxd7 41.Rxc2+ Kb4  0-1

[Event "Moravia-chT 9697"]
[Site "?"]
[Date "1997.??.??"]
[Round "?"]
[White "Veselovsky, Sergey"]
[Black "Karlik, Vladimir"]
[Result "1-0"]
[WhiteElo "2435"]
[BlackElo "2275"]

1.e4 g6 2.d4 Bg7 3.Nc3 c6 4.Nf3 d6 5.Bc4 Nf6 6.Bb3 Bg4 7.O-O O-O 8.h3 Bxf3
9.Qxf3 Nbd7 10.Ne2 e5 11.c3 Qe7 12.Ng3 exd4 13.cxd4 c5 14.Be3 Rae8 15.Rfe1 b6
16.Rad1 Kh8 17.Bf4 cxd4 18.Rxd4 Ne5 19.Qe3 Rc8 20.Red1 Rfd8 21.Bg5 Nc6 22.R4d2 Na5
23.e5 dxe5 24.Rxd8+ Rxd8 25.Rxd8+ Qxd8 26.Ne4 Nxb3 27.Qxb3 h6 28.Bxf6 Bxf6
29.Qxf7 Bg7 30.Qxg6 Qd1+ 31.Kh2 Qc2 32.f3 Qxb2 33.Qe8+ Kh7 34.Qf7 Kh8 35.Qe8+ Kh7
36.Qf7 Kh8 37.Qxa7 Qd4 38.Qf7 Qe3 39.Qe8+ Kh7 40.Qf7 Kh8 41.Kg3 Qe2 42.Nf6 Bxf6
43.Qxf6+ Kh7 44.Qxb6 Qxa2 45.Qc7+ Kg6 46.Qxe5 Kh7 47.h4 Qd2 48.f4 Qd3+ 49.Kh2 Qd8
50.Qf5+ Kg7 51.Kh3 Qb6 52.h5 Kh8 53.Qf8+ Kh7 54.Qf7+ Kh8 55.Qe8+ Kg7 56.Qg6+ Qxg6
57.hxg6 Kxg6 58.g4 Kf6 59.Kh4  1-0

[Event "Goldberg mem"]
[Site "Moscow "]
[Date "1997.??.??"]
[Round "2"]
[White "Yagupov, Igor"]
[Black "Komliakov, Viktor"]
[Result "1/2-1/2"]
[WhiteElo "2420"]
[BlackElo "2460"]

1.e4 g6 2.d4 Bg7 3.Nc3 c6 4.f4 d5 5.e5 Nh6 6.Nf3 f6 7.Be2 Bg4 8.Be3 O-O 9.O-O Nf5
10.Bf2 Nd7 11.Kh1 Bxf3 12.Bxf3 fxe5 13.fxe5 e6 14.Ne2 Bh6 15.c3  1/2-1/2

[Event "Goldberg mem"]
[Site "Moscow "]
[Date "1997.??.??"]
[Round "10"]
[White "Losev, Dmitry"]
[Black "Komliakov, Viktor"]
[Result "0-1"]
[WhiteElo "2435"]
[BlackElo "2460"]

1.e4 g6 2.d4 Bg7 3.Nc3 c6 4.Nf3 d5 5.Bf4 Bg4 6.exd5 cxd5 7.Nb5 Kf8 8.h3 Bxf3
9.Qxf3 Nc6 10.O-O-O Rc8 11.Kb1 a6 12.Nc3 e6 13.Ne2 Nf6 14.g4 Kg8 15.h4 h5
16.gxh5 Nxh5 17.Bg5 Bf6 18.Qg4 Ne7 19.Ng3 Nxg3 20.Bxf6 Nxh1 21.Qf3 Rh5 22.Bd3 Kf8
23.Rxh1 Ke8 24.Re1 Kd7 25.Qe2 Rc6 26.c4 dxc4 27.Bxc4 Qa5 28.Bb3 Qf5+  0-1

[Event "Kasparov Cup"]
[Site "Moscow"]
[Date "1997.??.??"]
[Round "?"]
[White "Lukianenko, Evgenij"]
[Black "Riazantsev, Alexander"]
[Result "1-0"]
[WhiteElo "2275"]
[BlackElo "2330"]

1.e4 g6 2.d4 Bg7 3.Nc3 c6 4.Bc4 d6 5.Qf3 e6 6.Nge2 Ne7 7.Bg5 Nd7 8.O-O O-O
9.Rad1 Re8 10.Bb3 Qc7 11.Qg3 h6 12.Bf4 e5 13.Be3 Nf8 14.f4 Be6 15.Bxe6 fxe6
16.fxe5 dxe5 17.dxe5 g5 18.h4 gxh4 19.Qxh4 Neg6 20.Qh3 Kh7 21.Ng3 Nxe5 22.Nh5 Nfg6
23.Nf6+ Bxf6 24.Qxh6+ Kg8 25.Rxf6 Qg7 26.Qg5 Kh7 27.Bd4 Nf7 28.Rxf7 Qxf7
29.Rf1 Qe7 30.Qh5+  1-0

[Event "New York op"]
[Site "New York"]
[Date "1997.??.??"]
[Round "?"]
[White "Stefansson, Hannes"]
[Black "Pelikian, Jefferson"]
[Result "1-0"]
[WhiteElo "2555"]
[BlackElo "2395"]

1.e4 g6 2.d4 Bg7 3.Nc3 c6 4.f4 d5 5.e5 h5 6.Nf3 Bg4 7.Be3 Nh6 8.Be2 Bxf3
9.Bxf3 e6 10.Qd2 Bf8 11.O-O Nd7 12.g3 a6 13.Ne2 Nf5 14.Bf2 Qb6 15.b3 Be7
16.c4 a5 17.Nc3 Bb4 18.a3 Bxc3 19.Qxc3 Ne7 20.Rab1 Qc7 21.Bg2 a4 22.cxd5 Nxd5
23.Bxd5 exd5 24.f5 gxf5 25.Be3 Nf8 26.Rxf5 axb3 27.Qxb3 b5 28.Rbf1 Rh7 29.Rf6 Ra6
30.Qc2 h4 31.e6 Rxa3 32.exf7+ Kd8 33.Rxc6  1-0

[Event "World op"]
[Site "Philadelphia"]
[Date "1997.??.??"]
[Round "1"]
[White "Kelleher, William"]
[Black "Hanken, Jerome B"]
[Result "1-0"]
[WhiteElo "2395"]
[BlackElo "2115"]

1.e4 g6 2.d4 Bg7 3.Nc3 c6 4.Bc4 b5 5.Bb3 b4 6.Nce2 Nf6 7.e5 Nd5 8.Nf4 Nb6
9.a3 bxa3 10.Rxa3 O-O 11.h4 e6 12.h5 d6 13.hxg6 dxe5 14.gxh7+ Kh8 15.Nh5 Bf6
16.Bh6 Bg5 17.Bg7+ Kxh7 18.Bf6 Bxf6 19.Nxf6+ Kg7 20.Qg4+ Kxf6 21.Qh4+ Kf5
22.g4+ Ke4 23.f3+ Kf4 24.Ne2+ Kxf3 25.Bd5+  1-0

[Event "CZE-ch U20"]
[Site "Prague"]
[Date "1997.??.??"]
[Round "1"]
[White "Klimes, Martin"]
[Black "Simacek, Pavel"]
[Result "0-1"]
[WhiteElo "2100"]
[BlackElo "2255"]

1.e4 g6 2.d4 Bg7 3.Nc3 c6 4.Nf3 d5 5.exd5 cxd5 6.Bb5+ Nc6 7.h3 a6 8.Bxc6+ bxc6
9.Na4 Nh6 10.O-O O-O 11.Re1 Re8 12.Bf4 f6 13.Nc5 e6 14.Re2 Ra7 15.Qd2 Nf7
16.Rae1 Rae7 17.Qc3 Nd6 18.a4 Kf7 19.b3 h6 20.h4 g5 21.hxg5 hxg5 22.Bxg5 fxg5
23.Nxg5+ Kg8 24.Qd3 Ne4 25.Ncxe4 dxe4 26.Rxe4 e5 27.Rh4 e4 28.Nxe4 Bf5 29.Qf3 Qd5
30.c4 Qf7 31.Rf4 Rxe4 32.Rexe4 Bxe4 33.Rxe4 Qxf3 34.Rxe8+ Kf7 35.gxf3 Kxe8
36.d5 cxd5 37.cxd5 a5 38.Kf1 Kd7 39.Ke2 Kd6 40.Ke3 Kxd5 41.Kf4 Bd4 42.Kg3 Kc5  0-1

[Event "SVK-ch"]
[Site "Presov"]
[Date "1997.??.??"]
[Round "9"]
[White "Bednar, Jaromir"]
[Black "Balogh, Peter"]
[Result "0-1"]
[WhiteElo "2230"]
[BlackElo "2280"]

1.e4 g6 2.d4 Bg7 3.Nc3 c6 4.Nf3 d6 5.h3 Nf6 6.a4 O-O 7.Be2 d5 8.e5 Ne4 9.O-O c5
10.dxc5 Nxc3 11.bxc3 Nc6 12.Bf4 Qa5 13.Qd2 Qxc5 14.Rfb1 e6 15.Rb5 Qe7 16.Qe3 b6
17.Nh2 f6 18.exf6 Qxf6  0-1

[Event "CRO-Cup (Women)"]
[Site "Pula"]
[Date "1997.??.??"]
[Round "?"]
[White "Medvegy, Nora"]
[Black "Lakos, Nikoletta"]
[Result "1/2-1/2"]
[WhiteElo "2265"]
[BlackElo "2380"]

1.e4 c6 2.d4 g6 3.Nc3 Bg7 4.Nf3 d5 5.h3 dxe4 6.Nxe4 Nd7 7.Bd3 Ngf6 8.c3 O-O
9.O-O Nxe4 10.Bxe4 Qc7 11.Re1 Nf6 12.Bc2 b6 13.Bg5 Bb7 14.Qe2 e6 15.Rad1 Nd5
16.c4 Nb4 17.Bb1 c5  1/2-1/2

[Event "Pula op"]
[Site "Pula"]
[Date "1997.??.??"]
[Round "4"]
[White "Mrdjen, David"]
[Black "Sprecic, Mustafa"]
[Result "0-1"]
[WhiteElo "2095"]
[BlackElo "2330"]

1.e4 g6 2.d4 Bg7 3.Nc3 c6 4.Be3 d5 5.exd5 cxd5 6.Nf3 a6 7.Bd3 Nh6 8.Qd2 Nf5
9.Bxf5 Bxf5 10.O-O O-O 11.Bh6 Nc6 12.Rfe1 Rc8 13.Ne2 Na5 14.Bxg7 Kxg7 15.Ng3 e6
16.b3 Nc6 17.Nxf5+ exf5 18.Re2 Re8 19.Rae1 Re4 20.c3 h6 21.h4 Qa5 22.c4 Qxd2
23.Rxd2 Rd8 24.Red1 f6 25.g3 Kf7 26.Kf1 g5 27.h5 Ne7 28.Rd3 Nc6 29.R3d2 Rd7
30.c5 Rde7 31.Ne1 f4 32.f3 Re3 33.gxf4 gxf4 34.Kf2 Ke6 35.Ng2 Kf5 36.Nh4+ Kg5
37.Ng6 Re8 38.Rg1+ Kf5 39.Rg4 Rxf3+ 40.Kxf3 Re3+ 41.Kf2 Kxg4 42.Rd1 Rh3 43.Nf8 Rh2+
44.Kg1 Rxh5 45.Nd7 Kf5 46.Kg2 Rg5+ 47.Kf2 h5 48.b4 Ke6 49.Nb6 Rg3 50.Re1+ Re3
51.Rh1 Nxb4 52.Rxh5 Nd3+ 53.Kf1 f3  0-1

[Event "Pula op"]
[Site "Pula"]
[Date "1997.??.??"]
[Round "6"]
[White "Rosandic, Denis"]
[Black "Sprecic, Mustafa"]
[Result "0-1"]
[WhiteElo "2280"]
[BlackElo "2330"]

1.e4 g6 2.d4 Bg7 3.Nc3 c6 4.h3 d5 5.Nf3 dxe4 6.Nxe4 Nf6 7.Nxf6+ exf6 8.Bc4 O-O
9.O-O Nd7 10.Bf4 Nb6 11.Bb3 Nd5 12.Bg3 Be6 13.Re1 b5 14.a4 a6 15.Nd2 f5 16.Be5 Bh6
17.Bh2 Re8 18.Nf3 Qb6 19.Bd6 Rad8 20.Bc5 Qb7 21.Ne5 Nf6 22.Bxe6 Rxe6 23.Nd3 Ne4
24.f3 Ng5 25.Rxe6 Nxe6 26.c3 Re8 27.Qc2 Be3+ 28.Kh1 Qb8 29.axb5 axb5 30.Re1 Ng7
31.g4 h5 32.Qh2 f4 33.Ba3 hxg4 34.hxg4 f6 35.Kg2 Kf7 36.Rh1 Bxd4 37.Qxf4 Re2+
38.Kg3 Qxf4+ 39.Kxf4 Be3+ 40.Kg3 Rd2 41.Nf4 g5 42.Ng2 Bf2+ 43.Kh2 Ne6 44.Rf1 c5
45.Kh1 c4 46.Rb1 Bg3 47.Rf1 Ke8 48.Ne3 Rh2+ 49.Kg1 Nf4  0-1

[Event "ISL-chT"]
[Site "Reykjavik"]
[Date "1997.??.??"]
[Round "?"]
[White "Bjornsson, Sigurbjorn"]
[Black "Ivanov, Mikhail M"]
[Result "0-1"]
[WhiteElo "2195"]
[BlackElo "2500"]

1.e4 g6 2.d4 Bg7 3.Nc3 c6 4.Be3 Qb6 5.a3 Nh6 6.f3 d6 7.Qd2 Ng8 8.O-O-O Qc7
9.h4 h5 10.Nh3 a6 11.Ng5 b5 12.Be2 a5 13.g4 b4 14.Nb1 Ba6 15.gxh5 gxh5 16.Rhg1 Bh6
17.Rg2 Bxe2 18.Qxe2 Nf6 19.Rdg1 Nbd7 20.Nh3 Bxe3+ 21.Qxe3 Qb6 22.Rg7 Rf8
23.Qd3 Rb8 24.axb4 axb4 25.Nd2 Ra8 26.Nc4 Qc7 27.Ne3 c5 28.Nf4 cxd4 29.Qxd4 Ne5
30.R1g3 b3 31.c3 Ra1+ 32.Kd2 Ra2 33.Nfd5 Nxd5 34.Nxd5 Rxb2+ 35.Kc1 Rc2+ 36.Kd1 Qa5
37.Nc7+ Qxc7 38.Qa4+ Nd7 39.Rg8 Rxc3 40.Rxf8+ Kxf8 41.Qd4 Rc1+ 42.Ke2 Qc4+
43.Qxc4 Rxc4 44.f4  0-1

[Event "EUCup (Women)"]
[Site "Rijeka"]
[Date "1997.??.??"]
[Round "2"]
[White "Nikolin, Zorica"]
[Black "Petrovic, Marija"]
[Result "1-0"]
[WhiteElo "2305"]
[BlackElo "2300"]

1.e4 g6 2.d4 Bg7 3.Nc3 c6 4.a4 d5 5.Nf3 dxe4 6.Nxe4 Nd7 7.Bg5 Ngf6 8.Nxf6+ Nxf6
9.Be2 h6 10.Bf4 Qb6 11.Qc1 Nd5 12.a5 Qd8 13.Bd2 Bf5 14.O-O a6 15.Rd1 g5 16.c4 Nf6
17.Bb4 Qc7 18.Ne5 O-O 19.Bc5 Ne4 20.Bb6 Qb8 21.f3 Nf6 22.Qe3 Re8 23.g4 Bc8
24.Bd3 Nd7 25.Nxd7 Bxd7 26.Qe4 Kf8 27.Re1 Qf4 28.Qxf4 gxf4 29.Re2 e5 30.d5 cxd5
31.cxd5 Rac8 32.b4 Bf6 33.Bc5+ Kg7 34.Raa2 Bb5 35.Bxb5 axb5 36.Rac2 Red8
37.Rcd2 Rd7 38.Kf1 Kg6 39.d6 Bg7 40.Rd5 Kf6 41.Red2 Ke6 42.Bf2 e4 43.fxe4 Bc3
44.Re2 Rc4 45.Rxb5 Rxb4 46.Rb6 Rxb6 47.Bxb6 Be5 48.Bc7 Bxd6 49.Bxd6 Rxd6
50.Rb2 Ke5 51.Rxb7 Kxe4 52.Rb4+ Kf3 53.Rb3+ Kxg4 54.h3+ Kf5 55.Ra3 Ra6 56.Kf2 Ke5
57.Kf3 h5 58.h4 Kf5 59.Ra1 Ke5 60.Ra4 f6 61.Re4+ Kd6 62.Ra4 Ke5 63.Ra1 Kf5
64.Ra2 Ke5 65.Ra4 f5 66.Ra1 Rc6 67.a6 Rc3+ 68.Kf2 Rc2+ 69.Kf1 Rc8 70.a7 Ra8
71.Kf2 Kd6 72.Kf3 Kc7 73.Kxf4 Kb7 74.Ra4 Kb6 75.Kg5 Kb7 76.Kg6 Rg8+ 77.Kf7 Ra8
78.Kg6 Rg8+ 79.Kxh5 Ra8  1-0

[Event "WchT U26"]
[Site "Roque Saenz Pena"]
[Date "1997.??.??"]
[Round "2"]
[White "Dansker, German"]
[Black "Irzhanov, Ruslan"]
[Result "0-1"]
[WhiteElo "2030"]
[BlackElo "2535"]

1.e4 g6 2.d4 Bg7 3.Nc3 c6 4.Nf3 d6 5.a4 Nf6 6.Be2 O-O 7.O-O Nbd7 8.h3 Qc7
9.Be3 Rd8 10.Qd2 a5 11.Rfd1 b6 12.e5 Ne8 13.Bg5 Nf8 14.Qe3 d5 15.Nh2 f6 16.exf6 exf6
17.Bf4 Qf7 18.Nf3 Nd6 19.Bd3 Ra7 20.Re1 Nc4 21.Bxc4 dxc4 22.d5 c5 23.Rad1 Rad7
24.Nd2 g5 25.Bg3 Ba6 26.d6 h6 27.Nf3 Bb7 28.Nb5 Ng6 29.Nc7 Bf8 30.Ne8 Bxf3
31.gxf3 f5 32.Qe6 Rxe8 33.Qxe8 f4 34.Bh2 Qxe8 35.Rxe8 Kf7 36.Rb8 Bxd6 37.Rxb6 Ke6
38.Ra6 Nh4 39.Rxa5 Nxf3+ 40.Kg2 Nd4 41.Rd2 Rb7 42.c3 Nb3 43.Re2+ Kd5 44.Rb5 Ra7
45.f3 Kc6 46.Re6 Rxa4 47.Rb8 Kd7 48.Rbe8 Ra2 49.Re2 Nc1 50.R2e4 Rxb2+ 51.Kh1 Rf2
52.Rh8 Rxf3 53.Rxh6 Rxc3 54.Ree6 Bf8 55.Rhg6 Rxh3 56.Ra6 Be7 57.Ra7+ Ke8
58.Rg7 Re3 59.Ra8+ Kd7 60.Ra7+ Kc6 61.Raxe7 Rxe7 62.Rxe7 c3 63.Kg2 c2 64.Re1 Nd3
65.Ra1 c1=Q 66.Rxc1 Nxc1 67.Kf3 Kd5  0-1

[Event "WchT U26"]
[Site "Roque Saenz Pena"]
[Date "1997.??.??"]
[Round "8"]
[White "Ramirez, Cesar"]
[Black "Sichinava, Roman"]
[Result "0-1"]
[WhiteElo "2205"]
[BlackElo "2420"]

1.e4 g6 2.d4 Bg7 3.Nc3 c6 4.g3 d5 5.exd5 cxd5 6.Bg2 Nf6 7.h3 O-O 8.Nge2 a6
9.a4 Nc6 10.O-O Nb4 11.Be3 Bf5 12.Rc1 h5 13.Qd2 Rc8 14.f3 b5 15.axb5 axb5
16.g4 Bxc2 17.Nxb5 Bd3 18.Rxc8 Qxc8 19.Rc1 Qb7 20.Nbc3 hxg4 21.hxg4 Bxe2
22.Qxe2 e6 23.Na4 Nd7 24.Qd2 Nc6 25.f4 Ra8 26.Nc5 Nxc5 27.Rxc5 Bf8 28.Rc2 f5
29.gxf5 gxf5 30.Bf3 Ra1+ 31.Rc1 Rxc1+ 32.Qxc1 Qb6 33.Kh1 Bg7 34.Qg1 Kf8 35.Bh5 Qd8
36.Bf2 Qf6 37.Qc1 Nd8 38.Qc8 Qe7 39.b4 Bf6 40.Qc5 Nb7 41.Qc8+ Kg7 42.b5 Nd6
43.Qc6 Ne4 44.b6 Nxf2+ 45.Kg2 Bxd4 46.Qc7 Kf6  0-1

[Event "Saint Affrique op"]
[Site "Saint Affrique"]
[Date "1997.??.??"]
[Round "8"]
[White "Marciano, David"]
[Black "Safranska, Anda"]
[Result "1/2-1/2"]
[WhiteElo "2470"]
[BlackElo "2270"]

1.e4 g6 2.d4 Bg7 3.Nc3 c6 4.Nf3 d6 5.Be3 Nf6 6.h3 O-O 7.Bd3 Nbd7 8.O-O e5
9.dxe5 dxe5 10.a4 a5 11.Bc4 Qe7 12.Qc1 Nc5 13.Bg5 Qc7 14.Qe3 Ne6 15.Rad1 Nh5
16.Ne2 Re8 17.Qb3 Nc5 18.Qe3  1/2-1/2

[Event "Salsomaggiore op"]
[Site "Salsomaggiore"]
[Date "1997.??.??"]
[Round "4"]
[White "Oschetzki, Stefan"]
[Black "Quendro, Llambi"]
[Result "1/2-1/2"]
[WhiteElo "2130"]
[BlackElo "2335"]

1.e4 g6 2.d4 Bg7 3.Nc3 c6 4.Nf3 d5 5.h3 Nf6 6.Bd3 dxe4 7.Nxe4 Nxe4 8.Bxe4 Nd7
9.O-O Nf6 10.Bd3 O-O 11.c4 b6 12.Be3 Bb7 13.Rc1 Qc7 14.Qd2 Rad8 15.Bf4 Qc8
16.Qe3 c5 17.dxc5 Qxc5 18.Rfd1 Nh5 19.Qxc5 bxc5 20.Be3 Bxf3 21.gxf3 Bxb2
22.Rb1 Bd4 23.Rb7 e5 24.Bc2 a6 25.Bh6 Rfe8 26.Ba4 Re6 27.Rdb1 f6 28.Rc7 e4
29.fxe4 Be5 30.Rxc5 g5 31.Bc6 Nf4 32.h4 Kf7 33.Bd5 Nxd5 34.exd5 Re7 35.Rc6 gxh4
36.Rxa6 Rg8+ 37.Kf1 Bh2 38.Re6 Rxe6 39.dxe6+ Kxe6 40.Rb3 Rg1+ 41.Ke2 Be5
42.Rh3 Ra1  1/2-1/2

[Event "Seefeld op"]
[Site "Seefeld"]
[Date "1997.??.??"]
[Round "?"]
[White "Timoshchenko, Gennadi A"]
[Black "Nachtkamp, Herbert"]
[Result "1-0"]
[WhiteElo "2540"]
[BlackElo "2155"]

1.d4 g6 2.e4 Bg7 3.Nc3 c6 4.Nf3 d5 5.h3 Nh6 6.Bf4 f6 7.exd5 cxd5 8.Nb5 O-O
9.Nc7 e5 10.Bxh6 Qxc7 11.Bxg7 Kxg7 12.dxe5 fxe5 13.Qxd5 Nc6 14.Bd3 Bf5 15.Bxf5 Rad8
16.Qc4 Rxf5 17.O-O b5 18.Qe2 Rdf8 19.c3 Qe7 20.Nd2 Qh4 21.Ne4 Nd8 22.Rad1 Ne6
23.Rd7+ Kg8 24.Qg4 Qh6 25.Rfd1 Ng7 26.Rxa7 Rf4 27.Qe2 Qh4 28.f3 Nh5 29.Rdd7  1-0

[Event "RUS-ch Armed Forces"]
[Site "Sevastopol"]
[Date "1997.??.??"]
[Round "8"]
[White "Izmukhambetov, Salauat"]
[Black "Komliakov, Viktor"]
[Result "1/2-1/2"]
[WhiteElo "2510"]
[BlackElo "2460"]

1.e4 g6 2.d4 Bg7 3.Nc3 c6 4.Bc4 d6 5.Qf3 e6 6.Nge2 Nd7 7.O-O Qe7 8.Bb3 e5
9.Bg5 Ngf6 10.Rad1 h6 11.Bh4 Nf8 12.Qe3 g5 13.Bg3 Ng6 14.f3 Nh5 15.Bf2 Nhf4
16.dxe5 dxe5 17.Qc5 Qxc5 18.Bxc5 Ne6 19.Bd6 Bf8 20.Bxf8 Rxf8 21.a3 Ke7 22.Rd2 Bd7
23.Ba2 Rad8 24.Rfd1 Bc8 25.Kf2 Rxd2 26.Rxd2 h5 27.b4 h4 28.Nd1 Nef4 29.Ne3 Nxe2
30.Kxe2 f6 31.a4 Nf4+ 32.Kf2 Rd8 33.Rxd8 Kxd8 34.g3 hxg3+ 35.hxg3 Ne6 36.a5 Nc7
37.Bc4 Ke7 38.Kg1 Ne8 39.Kh2 Nd6 40.Bd3 Be6 41.Bf1 g4 42.Kg2 gxf3+ 43.Kxf3 Nf7
44.Bd3 Ng5+ 45.Kf2 Kd6 46.Nf1 c5 47.c3 cxb4 48.cxb4 Nf7 49.Ke3 Nd8 50.Kd2 Nc6
51.Kc3 Nd4 52.Ne3 Kc6 53.Bc4 Bxc4 54.Kxc4 Kd6 55.Ng4 f5 56.Nf2 Ne2 57.g4 fxg4
58.Nxg4 a6 59.Ne3 Kc6 60.Ng4 Kd6 61.Nh6 Ke6 62.Nf5  1/2-1/2

[Event "Sochi"]
[Site "Sochi"]
[Date "1997.??.??"]
[Round "?"]
[White "Zhelnin, Vladimir V"]
[Black "Annakov, Babakuli"]
[Result "1/2-1/2"]
[WhiteElo "2475"]
[BlackElo "2365"]

1.e4 g6 2.d4 Bg7 3.Nc3 c6 4.Nf3 d5 5.Be2 Nf6 6.e5 Ne4 7.O-O O-O 8.Nxe4 dxe4
9.Ng5 c5 10.dxc5 Qc7 11.Nxe4 Bxe5 12.f4 Bg7 13.c3 Bf5 14.Bf3 Nd7 15.Be3 Bxe4
16.Bxe4 Nxc5 17.Bc2 e6 18.Qe2 a6 19.a4 Rfd8 20.Qc4 Rac8 21.a5 Qe7 22.Qb4 Bf8
23.Rad1 Rxd1 24.Rxd1 Rd8 25.Qc4 Rxd1+ 26.Bxd1 Qd8 27.Qd4 Qc7 28.g3 h5 29.b4 Nd7
30.Qd3 Nf6 31.Bf3 Nd5 32.Bd2 Bg7 33.c4 Ne7 34.Be3 Nc6 35.Bb6 Qc8 36.b5 Nd4
37.Bxd4 Qd7 38.Bd5 Bxd4+ 39.Qxd4 axb5 40.cxb5 exd5 41.Qd3 Qe6 42.Kf2 d4 43.a6 bxa6
44.bxa6 Qb6 45.h3 Qa5 46.g4 h4 47.g5 Qa2+ 48.Kf3 Qd5+ 49.Kf2 Qa2+ 50.Qe2 Qa3
51.Qe8+ Kg7 52.Qe5+ Kh7 53.Qxd4 Qxa6 54.Qd5 Qa7+ 55.Kg2 Qc7 56.Qf3 Kg8 57.Qf2 Qc6+
58.Kh2 Qe4 59.Qxh4 Qe2+ 60.Kg1 Qe3+ 61.Kg2 Qe4+ 62.Kf2  1/2-1/2

[Event "ROM-chT2"]
[Site "Sovata"]
[Date "1997.??.??"]
[Round "?"]
[White "Ionescu, Doru Alexandru"]
[Black "Sandu, Marius Stefan"]
[Result "1-0"]
[WhiteElo "2290"]
[BlackElo "2295"]

1.d4 g6 2.e4 Bg7 3.Nc3 c6 4.f4 d5 5.e5 h5 6.Nf3 Nh6 7.Be3 Qb6 8.b3 Bg4 9.Be2 Nf5
10.Bf2 Qa5 11.Qd2 Bh6 12.O-O e6 13.Be1 Nd7 14.b4 Qc7 15.h3 Bxf3 16.Rxf3 h4
17.Bf2 Bf8 18.Na4 b5 19.Nc5 a5 20.a4 axb4 21.Qxb4 Qa7 22.Rfa3 Nxd4 23.Bxd4 Bxc5
24.axb5 Bxd4+ 25.Kf1 Bxa1 26.Rxa7 Rxa7 27.bxc6 Kd8 28.cxd7 Rxd7 29.Qb8+ Ke7
30.Qxh8 Rb7 31.Bd3 Bd4 32.Qxh4+ Ke8 33.Qh8+ Ke7 34.Qc8  1-0

[Event "ROM-chT2"]
[Site "Sovata"]
[Date "1997.??.??"]
[Round "?"]
[White "Stefanov, P."]
[Black "Sanduleac, Vasile"]
[Result "1/2-1/2"]
[WhiteElo "2395"]
[BlackElo "2425"]

1.e4 g6 2.d4 Bg7 3.Nc3 c6 4.Nf3 d5 5.h3 dxe4 6.Nxe4 Bf5 7.Ng3 Be6 8.c3 Nf6
9.Bd3 O-O 10.O-O Bd5 11.Re1 Nbd7 12.Nh2 Nb6 13.b3 Qc7 14.c4 Be6 15.Bb2 Rad8
16.Qe2 Rfe8 17.Rad1 Bc8 18.Nf3 Nbd7 19.Bb1 Nf8 20.Bc3 b6 21.Ne5 Bb7 22.Qb2 Ne6
23.Qc1 Rd6 24.Nf3 Rdd8 25.Ne5 Nd7 26.Nf3 Ndf8 27.Qe3 Qf4 28.Ne2 Qb8 29.Ne5 Qc7
30.f4 Nd7 31.f5 gxf5 32.Bxf5 Nxe5 33.dxe5 Bc8 34.Be4 Nf8 35.Ng3 Ng6 36.Rxd8 Rxd8
37.Bc2 c5 38.Nh5 Bh8 39.e6 Bxe6 40.Bxh8 Kxh8 41.Bxg6 fxg6 42.Qxe6 gxh5 43.Qxe7 Qxe7
44.Rxe7 a6 45.Ra7 a5 46.Rb7 Rd6 47.Kf1 Re6 48.Kf2 Rf6+ 49.Ke3 Rg6 50.Kf3 h4
51.Rf7 Rg3+ 52.Kf2 a4 53.Rf3 axb3 54.axb3 Rg6 55.Rf4 Rg3 56.Rf3 Rg6  1/2-1/2

[Event "ROM-chT2"]
[Site "Sovata"]
[Date "1997.??.??"]
[Round "?"]
[White "Cioara, Andrei Nestor"]
[Black "Chernov, Vadim"]
[Result "1-0"]
[WhiteElo "2285"]
[BlackElo "2450"]

1.e4 g6 2.d4 Bg7 3.Nc3 c6 4.f4 d5 5.e5 Nh6 6.Nf3 Bg4 7.h3 Bxf3 8.Qxf3 Qb6
9.Ne2 f6 10.g4 fxe5 11.dxe5 Na6 12.Bg2 Rf8 13.Be3 Qxb2 14.O-O Bxe5 15.Rab1 Qxa2
16.Rxb7 Qc4 17.g5 Nc5 18.Bxc5 Qxc5+ 19.Kh1 Ng8 20.Qg4 Bd6 21.Qe6 Rb8 22.f5 Nf6
23.gxf6 Rxb7 24.Qc8+ Kf7 25.fxg6+ Kg8 26.f7+  1-0

[Event "St Heliers op"]
[Site "St Heliers"]
[Date "1997.??.??"]
[Round "3"]
[White "Lalic, Bogdan"]
[Black "Webster, Andrew"]
[Result "1-0"]
[WhiteElo "2585"]
[BlackElo "2415"]

1.e4 g6 2.d4 Bg7 3.Nc3 c6 4.Nf3 d5 5.h3 Nf6 6.e5 Ne4 7.Nxe4 dxe4 8.Ng5 c5
9.e6 f6 10.Nf7 Qxd4 11.Nxh8 Bxe6 12.Nxg6 hxg6 13.Bb5+ Nd7 14.O-O O-O-O 15.Qe2 Ne5
16.Be3 Qd6 17.Rfd1 Qc7 18.Rxd8+ Kxd8 19.Qd2+ Kc8 20.Bf4 Qb6 21.Rd1 f5 22.a4 a6
23.Bxe5 Bxe5 24.Bd7+ Bxd7 25.Qxd7+ Kb8 26.Qxe7 Bc7 27.b3 c4 28.bxc4 Qc6 29.Qb4 f4
30.c5 f3 31.Re1 fxg2 32.Qxe4 Qxc5 33.Qe8+ Ka7 34.Qe3 Qxe3 35.fxe3 Kb6 36.Rb1+ Ka5
37.Rxb7 Bd8 38.Kxg2 Kxa4 39.e4  1-0

[Event "St Heliers op"]
[Site "St Heliers"]
[Date "1997.??.??"]
[Round "7"]
[White "Lalic, Susan"]
[Black "Webster, Andrew"]
[Result "0-1"]
[WhiteElo "2405"]
[BlackElo "2415"]

1.e4 g6 2.d4 Bg7 3.Nc3 c6 4.Nf3 d5 5.h3 Nf6 6.e5 Ne4 7.Nxe4 dxe4 8.Ng5 c5
9.e6 f6 10.Nf7 Qxd4 11.Nxh8 Bxh8 12.Qxd4 cxd4 13.Bc4 Na6 14.Bb5+ Kf8 15.Bh6+ Kg8
16.O-O-O f5 17.Bg5 Nc7 18.Bd7 Bxd7 19.exd7 Kf7 20.h4 Ne6 21.f3 exf3 22.gxf3 Rd8
23.c3 dxc3 24.bxc3 Bxc3 25.Be3 b6 26.Rd3 Bb4 27.h5 g5 28.Rd5 Kf6 29.f4 Nxf4
30.Bd4+ Ke6 31.Re5+ Kxd7 32.Rxf5 Ne2+ 33.Kb2 Nxd4 34.Rxg5 Ne6 35.Rg4 Bd6
36.Rf1 Be5+ 37.Kb1 Bf6 38.h6 Ke8 39.Ra4 a5 40.Rc4 Rd6 41.Rc8+ Kf7 42.Rb8 Nc5
43.Kc2 a4 44.Rf4 b5 45.Rg4 Ne6 46.Kb1 Nd4 47.Rgg8 Ne2 48.Rbf8+ Ke6 49.Rg7 Rc6
50.Rxf6+ Kxf6 51.Rxh7 a3  0-1

[Event "SVK-chT 9697"]
[Site "SVK"]
[Date "1997.??.??"]
[Round "7"]
[White "Maros, Milan"]
[Black "Petrik, Karol"]
[Result "1/2-1/2"]
[WhiteElo "2255"]
[BlackElo "2260"]

1.e4 c6 2.d4 g6 3.Nc3 Bg7 4.h3 d6 5.Nf3 Nf6 6.Be2 O-O 7.O-O Qc7 8.Be3 Nbd7
9.a4 e5 10.dxe5 Nxe5 11.Nd2 Re8 12.f4 Ned7 13.Bf3 Nxe4 14.Ndxe4 d5 15.Bd4 Bxd4+
16.Qxd4 dxe4 17.Nxe4 Qb6 18.Rad1 Qxd4+ 19.Rxd4 Kg7 20.Nd6 Re7 21.f5 f6 22.fxg6 hxg6
23.Bg4 Nb6 24.Nxc8 Nxc8 25.a5 a6 26.Rfd1 Na7 27.Kf2 Rae8 28.Rd7 Kf7 29.Be2 Rxd7
30.Rxd7+ Re7 31.Bc4+ Kf8 32.Rd8+ Kg7 33.Rg8+ Kh7 34.Rd8 Nb5 35.g3 Kh6 36.Bd3 Nc7
37.Rg8 Rg7 38.Rxg7 Kxg7 39.Ke3 Kf7 40.Bc4+ Ke7 41.Kd4 g5 42.h4 gxh4 43.gxh4 Ne8
44.Kc5 Nd6 45.Be2 Kd7 46.h5 Nf7 47.Kb6 Kc8 48.Bg4+ Kb8 49.b4 Nh6 50.Be6 f5
51.c3 f4 52.Kc5 Kc7 53.Kd4 Kd6 54.Bc8 Kc7 55.Bh3 Nf7 56.Be6 Ng5 57.Bg4 Kd6
58.h6 f3 59.Ke3 Ke5 60.Bc8  1/2-1/2

[Event "SWZ-chT9697"]
[Site "SWZ"]
[Date "1997.??.??"]
[Round "?"]
[White "Masserey, Yvan"]
[Black "Sadeghi, Hassan"]
[Result "1-0"]
[WhiteElo "2305"]
[BlackElo "2220"]

1.e4 g6 2.d4 Bg7 3.Nc3 c6 4.f4 d5 5.e5 h5 6.Be3 Nh6 7.Nf3 Bg4 8.h3 Bxf3 9.Qxf3 Nf5
10.Bf2 h4 11.Bd3 e6 12.O-O Nd7 13.Ne2 Qe7 14.b3 O-O-O 15.c4 Kb8 16.Nc3 f6
17.cxd5 cxd5 18.Nb5 a6 19.Bxf5 gxf5 20.Nd6 Bf8 21.Be1 Qg7 22.Ba5 Bxd6 23.Bxd8 fxe5
24.fxe5 Nxe5 25.dxe5 Bc5+ 26.Kh1 Rxd8 27.Rae1 Rg8 28.Re2 Bb6 29.Qf4 Bd8 30.b4 Bg5
31.Qd4 Rc8 32.b5 a5 33.Qb6 Bf4 34.Qd6+ Ka8 35.Qxe6 Rc1 36.Rxc1 Qg3 37.Rc8+ Ka7
38.b6+ Ka6 39.Ra8+ Kb5 40.Qxd5+ Ka4 41.Rxa5+  1-0

[Event "Aktiv Alliancen-B"]
[Site "Taastrup"]
[Date "1997.??.??"]
[Round "1"]
[White "Petersen, Steen"]
[Black "Hejberg, Carsten"]
[Result "0-1"]
[WhiteElo "2140"]
[BlackElo "2080"]

1.e4 g6 2.d4 Bg7 3.Nc3 c6 4.f4 d5 5.e5 h5 6.Nf3 Bg4 7.Be2 Nh6 8.Be3 Nf5 9.Bf2 e6
10.Qd2 Qa5 11.g3 Nd7 12.h3 Bxf3 13.Bxf3 c5 14.dxc5 Nxc5 15.g4 hxg4 16.hxg4 Rxh1+
17.Bxh1 Ne7 18.Nxd5 Qxd2+ 19.Kxd2 O-O-O 20.Bxc5 Nxd5 21.Bd6 Nxf4 22.Rf1 Bxe5  0-1

[Event "EU-ch U18"]
[Site "Tallinn"]
[Date "1997.??.??"]
[Round "2"]
[White "Vuckovic, Bojan"]
[Black "Vedmediuc, Serghei"]
[Result "1/2-1/2"]
[WhiteElo "2160"]
[BlackElo "2265"]

1.e4 g6 2.d4 Bg7 3.Nc3 c6 4.Bc4 d6 5.Qf3 e6 6.Nge2 b5 7.Bb3 Qe7 8.a3 a6 9.Bf4 e5
10.dxe5 dxe5 11.Bg5 Nf6 12.Rd1 Nbd7 13.Qe3 Nc5 14.Nc1 h6 15.Bh4 Nxb3 16.Nxb3 Ng4
17.Qc5 Qxh4 18.Qxc6+ Kf8 19.Rd2 Bf6 20.h3 Kg7 21.g3 Qh5 22.Qxa8 Bg5 23.Rd6 Ne3
24.Qc6 Qf3 25.Rh2 Bxh3  1/2-1/2